| 000 | 003770000a22001570004500 | ||
|---|---|---|---|
| 020 | _a0 521 06662 X | ||
| 060 | _a100 | ||
| 082 | _a581.94 FlO.02 | ||
| 100 | _aTutin, T G, et al | ||
| 245 | _aFlora Europae: V2 Rosacae to Umbellyerae | ||
| 260 | _aLondon, Cambridge University Press | ||
| 260 | _c1968 | ||
| 300 | _a454 | ||
| 650 | _aFlora Europaea/ FLora | ||
| 942 | _cBK | ||
| 999 |
_c351650 _d351650 |
||